Statistics for Harder City to Country Quiz

Click here to take the quiz!

General Stats

  • This quiz has been taken 7 times
  • The average score is 11 of 15

Answer Stats

HintAnswer% Correct
EisenstadtAustria
83%
MonsBelgium
83%
RazgradBulgaria
83%
AktobeKazakhstan
83%
PadangMalaysia
83%
HermosilloMexico
83%
IspartaTurkey
83%
UzhorodUkraine
83%
NewmanAustralia
67%
AlmaCanada
67%
AssenNetherlands
67%
IquitosPeru
67%
FrancevilleGabon
50%
KadunaNigeria
50%
TlemcenAlgeria
17%

Score Distribution

Percentile by Number Answered

Percent of People with Each Score

Your Score History

You have not taken this quiz